Loading...
Philosophy in history : essays on the historiography of philosophy /
| Other Authors: | , , |
|---|---|
| Format: | Printed Book |
| Language: | English |
| Published: |
Cambridge [Cambridgeshire] ; New York :
Cambridge University Press,
1984.
|
| Series: | Ideas in context
|
| Subjects: | |
| Online Access: | http://www.loc.gov/catdir/toc/cam028/84009524.html http://www.loc.gov/catdir/description/cam022/84009524.html |
| LEADER | 01334cam a2200289 a 4500 | ||
|---|---|---|---|
| 008 | 840412s1984 enk b 001 0 eng | ||
| 020 | |a 0521253527 | ||
| 020 | |a 0521273307 (pbk.) | ||
| 082 | 0 | 0 | |a 109 |2 19 |
| 245 | 0 | 0 | |a Philosophy in history : |b essays on the historiography of philosophy / |c edited by Richard Rorty, J.B. Schneewind, and Quentin Skinner. |
| 260 | |a Cambridge [Cambridgeshire] ; |a New York : |b Cambridge University Press, |c 1984. | ||
| 300 | |a xii, 403 p. ; |c 24 cm. | ||
| 490 | 0 | |a Ideas in context | |
| 500 | |a Lectures delivered as a series at Johns Hopkins University during 1982-83. | ||
| 504 | |a Includes bibliographies and index. | ||
| 650 | 0 | |a Philosophy |x Historiography. | |
| 650 | 0 | |a Philosophy |x History. | |
| 700 | 1 | |a Rorty, Richard. | |
| 700 | 1 | |a Schneewind, J. B. | |
| 700 | 1 | |a Skinner, Quentin. | |
| 856 | 4 | 1 | |u http://www.loc.gov/catdir/toc/cam028/84009524.html |
| 856 | 4 | 2 | |u http://www.loc.gov/catdir/description/cam022/84009524.html |
| 906 | |a 7 |b cbc |c orignew |d 1 |e ocip |f 19 |g y-gencatlg | ||
| 942 | |c BK | ||
| 999 | |c 278004 |d 278004 | ||
| 952 | |0 0 |1 0 |2 ddc |4 0 |6 109_000000000000000_PHI |7 0 |9 312640 |a PHL |b PHL |c ST1 |d 2017-04-07 |i 3030 |l 0 |o 109 PHI |p PHL3030 |r 2017-04-07 |y BK | ||
| 952 | |0 0 |1 0 |2 ddc |4 0 |6 109_000000000000000_PHI |7 0 |9 410644 |a PHL |b PHL |c ST1 |d 2021-01-04 |i 2601 |l 0 |o 109 PHI |p PHL2601 |r 2021-01-04 |w 2021-01-04 |y BK | ||